000 00455nam a2200169Ia 4500
008 230711s9999||||xx |||||||||||||| ||und||
020 _a978-0-500-34265-7
041 _aENG
082 _a720.92
_bPE-A
100 _aPeltason,Ruth
245 0 _aArchitect : The Pritzker Prize Laureates in their Own Words
250 _a12th Ed.
260 _c2010
_aNew York
_bThames & Hudson LtdĀ Publication
300 _a376p.
650 _aArchitecture
942 _cBK
999 _c6465
_d6465